Famous Moustaches - Statistics

General Stats
  • This quiz has been taken 63 times
    55 since last reset
  • The average score is 11 of 16
Answer Stats
Picture Hint Answer % Correct
tradesman Mario
98%
scientist Albert Einstein
96%
activist Mahatma Gandhi
96%
dictator Joseph Stalin
94%
dictator Adolf Hitler
91%
actor Charlie Chaplin
91%
wrestler Hulk Hogan
72%
artist Salvador Dali
72%
politician Theodore Roosevelt
68%
actor/comedian Groucho Marx
60%
author Mark Twain
55%
actor Clark Gable
47%
philosopher Friedrich Nietzsche
45%
TV personality Alex Trebek
34%
actor Sam Elliot
26%
general Ambrose Burnside
19%
No matching quizzes found
Score Distribution
Percent of People with Each Score
Percentile by Number Answered
Your Score History
You have not taken this quiz since the last reset